Central Asia
| Other Authors: | |
|---|---|
| Format: | Book |
| Published: |
Singapore :
Heinemann Asia ,
1995
|
| Series: | Favourite stories
|
| Subjects: |
MARC
| LEADER | 00000cam a2200000 7i4500 | ||
|---|---|---|---|
| 001 | 0000009689 | ||
| 002 | 000010554 | ||
| 005 | .0 | ||
| 020 | |a 9971644193 | ||
| 090 | 0 | 0 | |a JF |b MON |
| 245 | 1 | 0 | |a Central Asia |
| 260 | |a Singapore : |b Heinemann Asia , |c 1995 | ||
| 300 | |a 47p. : |b ill ; |c 21cm. | ||
| 490 | 0 | |a Favourite stories | |
| 650 | 0 | 0 | |a Children's stories |
| 700 | 0 | |a Lean Im Saunders , |e ill | |
| 999 | |a 043541 |b BUKU |c PINJAMAN |e PERPUSTAKAAN KOMUNITI PETALING JAYA | ||